Countries Closest to Indonesia - with a map - Statistics

General Stats
  • This quiz has been taken 3,084 times
  • The average score is 15 of 20
Answers on the Map
Answers color-coded by a green-red scale on the quiz's map according to % correct below.
 
Answer Stats
country % Correct
Malaysia
96%
Australia
91%
Papua New Guinea
91%
Thailand
91%
Philippines
88%
Vietnam
88%
Cambodia
86%
Laos
86%
Myanmar
81%
India
80%
East Timor
79%
Singapore
79%
Brunei
75%
China
72%
Sri Lanka
70%
Palau
63%
Taiwan
61%
Bangladesh
59%
Federated States of Micronesia
57%
Solomon Islands
50%
No matching quizzes found
Score Distribution
Percent of People with Each Score
Percentile by Number Answered
Your Score History
You have not taken this quiz